000
00333 a2200133 4500
000
nam a22 7a 4500
100
_a
Kothari, C R
110
_a
Kothari, C R
245
_a
Research Methodology
250
_a
5th/Latest edition
260
_b
New Age International
_c
2026
264
_b
New Age International
_c
2026
942
_c
BK
999
_c
396826
_d
396826